It ain't much, if it ain't Dutch! Quiz Stats

 Plays Quiz not verified by Sporcle

Challenge
Share
Tweet
Embed
Score 0/30 Timer 04:00
1 Play Today
% Correct
Amsterdam
94.2%
Vincent van Gogh
91.4%
Rembrandt
91.1%
Rotterdam
91.1%
Armin van Buuren
90.4%
Paul Verhoeven
90.1%
Stroopwafels
89.7%
Sinterklaas
89.4%
Wilhelmus
88.7%
Afsluitdijk
88.4%
Dennis Bergkamp
88%
William of Orange
87.3%
Johan Cruyff
87%
Gouda
86.3%
Heineken
86%
% Correct
AFC Ajax
84.9%
Erasmus
83.9%
Jenever
77.7%
Delftware
77.4%
Philips
72.6%
Abel Tasman
71.9%
Vengaboys
68.2%
Nautical atlas
61.6%
Hardstyle
61.3%
Yacht
60.3%
Telescope
54.1%
Miffy
51.4%
Killzone
40.4%
Fire Hose
39.4%
Wi-Fi
39%

You're not logged in!

Compare scores with friends on all Sporcle quizzes.
Join for Free
OR
Log In

You Might Also Like...

Show Comments

Extras

Top Quizzes Today


Score Distribution

Your Account Isn't Verified!

In order to create a playlist on Sporcle, you need to verify the email address you used during registration. Go to your Sporcle Settings to finish the process.

Report this User

Report this user for behavior that violates our Community Guidelines.

Details: